[Event "Michigan Amateur"]
[Site "Kalamazoo, MI"]
[Date "2000.07.29"]
[Round "1.13"]
[White "Skidmore, Mike"]
[Black "Kilburn, Gregory"]
[Result "1-0"]
[WhiteElo "1800"]
[BlackElo "1082"]
[Annotator "Jeff Aldrich"]
[PlyCount "45"]
[EventDate "2000.07.29"]

{French: Exchange} 1. e4 e6 2. d4 d5 3. exd5 exd5 4. Bd3 Nf6 5. Bg5 g6 6. Qe2+
Be6 7. f4 Bg7 8. Nf3 O-O 9. O-O Re8 10. Qf2 Nc6 {Another French with the
knight in front of the c-pawn. This just seems wrong.} 11. c3 Ne7 12. Qh4 Bf5
13. Bxf6 Bxf6 $2 ({Better is} 13... Bxd3 14. Bxg7 Kxg7 {keeping white's queen
out.}) 14. Qxf6 Bxd3 {DIAGRAM} 15. Ne5 $1 Bxf1 16. Nxf7 {Threatening 17. Nh6#}
h5 17. Nxd8 Raxd8 18. Kxf1 Rd6 19. Qe5 Kh7 20. Nd2 Rd7 21. Nf3 Rg8 22. Qe6 Rgd8
23. Ne5 1-0

[Event "Michigan Amateur"]
[Site "Kalamazoo, MI"]
[Date "2000.07.29"]
[Round "3.12"]
[White "Skidmore, Mike"]
[Black "Grzegorczyk, Ron"]
[Result "1-0"]
[WhiteElo "1800"]
[BlackElo "1537"]
[PlyCount "53"]
[EventDate "2000.07.29"]

1. e4 c5 2. Nf3 Nc6 3. Bb5 a6 4. Bxc6 bxc6 5. O-O g6 6. c3 Bg7 7. e5 e6 8. d4
cxd4 9. cxd4 f6 10. Nc3 Ne7 11. exf6 Bxf6 12. Ne4 Nf5 13. g4 Nh4 14. Nd6+ Ke7
15. Ne5 Rf8 16. Bh6 Kxd6 17. Bxf8+ Qxf8 18. Qd3 Kc7 19. Nc4 Be7 20. Qg3+ Kd8
21. f4 Qf6 22. Ne5 Qg7 23. Rad1 Rb8 24. Rd2 Bb7 25. Qc3 Qf8 26. Qa5+ Ke8 27.
Qc7 1-0

[Event "Michigan Amateur"]
[Site "Kalamazoo, MI"]
[Date "2000.07.29"]
[Round "3.11"]
[White "Skidmore, Jennifer"]
[Black "Scioly, Tony"]
[Result "1-0"]
[WhiteElo "1867"]
[BlackElo "1599"]
[Annotator "Jeff Aldrich"]
[PlyCount "55"]
[EventDate "2000.07.29"]

{Sicilian: Closed (Zukertort)} 1. e4 c5 2. Nc3 Nc6 3. f4 d6 4. Bb5 Nf6 5. Nf3
Bg4 6. O-O e6 7. d3 Be7 8. Bxc6+ bxc6 9. h3 Bxf3 10. Qxf3 d5 11. f5 O-O 12. Bg5
Nd7 13. Bd2 d4 ({Better is} 13... Bf6 {helping to defend the king-side and
supporting the center. 13... d4, relieves the pressure on the center and sends
the knight where it wants to go anyway.}) 14. Ne2 Bg5 15. Bf4 Bxf4 16. Nxf4 e5
17. Nh5 f6 {Now the knight is cut-off from defense of the king.} 18. g4 Qe7 19.
Rae1 Rf7 20. Re2 Raf8 21. h4 g6 $2 {Black would have been better off to wait
for white to make her move on the king-side. 21... g6 creates too many
weaknesses and targets on the black king-side.} 22. Ng3 Qd8 23. fxg6 hxg6 24.
h5 Rg7 25. Rh2 Qe7 26. hxg6 Rxg6 27. Nf5 Qe6 28. Qh3 1-0

[Event "Michigan Amateur"]
[Site "Kalamazoo, MI"]
[Date "2000.07.29"]
[Round "1.5"]
[White "Skidmore, Jennifer"]
[Black "Russell, Scott"]
[Result "1-0"]
[WhiteElo "1867"]
[BlackElo "1225"]
[PlyCount "68"]
[EventDate "2000.07.29"]

1. e4 d5 2. exd5 Nf6 3. c4 e6 4. dxe6 Bxe6 5. d3 Bb4+ 6. Nc3 O-O 7. Nf3 Qe7 8.
Be2 Re8 9. O-O Bxc4 10. Re1 Be6 11. Bg5 Nbd7 12. d4 Bg4 13. Ne5 Bxe2 14. Qxe2
Bxc3 15. bxc3 h6 16. Bh4 Qa3 17. Bxf6 Nxf6 18. Qc4 Qe7 19. Re3 Nd7 20. Ng4 Qd8
21. Rg3 Re6 22. f4 Nb6 23. Qd3 Qd5 24. f5 Re4 25. Nxh6+ Kh7 26. Nxf7 Qxf5 27.
Ng5+ Kg8 28. Nxe4 Re8 29. Re1 Rf8 30. Rf3 Qc8 31. Ref1 Rxf3 32. Qxf3 Qe8 33.
Qg4 Nd7 34. Rf3 Qe6 1-0

[Event "Michigan Amateur"]
[Site "Kalamazoo, MI"]
[Date "2000.07.29"]
[Round "2.32"]
[White "Shelton, Harold"]
[Black "Avery, James"]
[Result "1-0"]
[WhiteElo "1139"]
[BlackElo "627"]
[PlyCount "27"]
[EventDate "2000.07.29"]

1. e4 e5 2. Nf3 Nc6 3. Nc3 Nf6 4. Bb5 Bd6 5. d3 O-O 6. Bg5 b6 7. Nd5 Bb7 8.
Bxf6 gxf6 9. Nh4 Bb4+ 10. c3 Bxc3+ 11. bxc3 Ne7 12. Nxe7+ Qxe7 13. Nf5 Qe6 14.
Qg4+ 1-0

[Event "Michigan Amateur"]
[Site "Kalamazoo, MI"]
[Date "2000.07.29"]
[Round "2.13"]
[White "Semerciyan, Mike"]
[Black "Ansorge, Kurt"]
[Result "1-0"]
[WhiteElo "1800"]
[BlackElo "1472"]
[PlyCount "109"]
[EventDate "2000.07.29"]

1. Nf3 d5 2. g3 Nf6 3. Bg2 c5 4. c3 Nc6 5. d4 e6 6. O-O Be7 7. Nbd2 O-O 8. Nb3
c4 9. Nbd2 b5 10. Qc2 Bd6 11. e4 dxe4 12. Nxe4 Bb7 13. Nxd6 Qxd6 14. Bf4 Qd7
15. Rad1 Ne7 16. Rfe1 Ng6 17. Bg5 Bxf3 18. Bxf3 Nd5 19. h4 f6 20. Bc1 Rae8 21.
h5 Nh8 22. Re2 Nf7 23. Rde1 f5 24. Bxd5 Qxd5 25. Bf4 h6 26. Re3 Re7 27. Qe2
Rfe8 28. f3 Ng5 29. Bxg5 hxg5 30. Re5 Qc6 31. d5 Qc5+ 32. Qe3 Qxe3+ 33. R1xe3
Kf7 34. dxe6+ Rxe6 35. Rxf5+ Kg8 36. Rxe6 Rxe6 37. Rxg5 a6 38. Kf2 Kh7 39. g4
Kh6 40. Rd5 Kh7 41. g5 Re7 42. Rd6 Ra7 43. Rb6 Kg8 44. g6 Kf8 45. f4 Ke7 46.
Kf3 Kd7 47. f5 Kc7 48. Re6 Kd7 49. Ke4 Ra8 50. Ke5 Re8 51. Rxe8 Kxe8 52. f6 Kf8
53. fxg7+ Kxg7 54. a4 bxa4 55. Kd4 1-0

[Event "Michigan Amateur"]
[Site "Kalamazoo, MI"]
[Date "2000.07.29"]
[Round "2.2"]
[White "Scioly, Tony"]
[Black "Coleman, John"]
[Result "1/2-1/2"]
[WhiteElo "1599"]
[BlackElo "1930"]
[PlyCount "47"]
[EventDate "2000.07.29"]

1. e4 c5 2. Nf3 e6 3. d4 cxd4 4. Nxd4 a6 5. Be3 Nf6 6. f3 Be7 7. Be2 O-O 8. O-O
Nc6 9. c4 Qc7 10. Nc3 Bc5 11. Kh1 d6 12. Qd2 Bd7 13. Rac1 Rad8 14. a3 Ba7 15.
Nxc6 Bxc6 16. Bxa7 b6 17. Bxb6 Qxb6 18. b4 g6 19. Rfd1 Kg7 20. Qd4 Qc7 21. Rd2
Rd7 22. Rcd1 Rfd8 23. Qf2 Qb7 24. h3 1/2-1/2

[Event "Michigan Amateur"]
[Site "Kalamazoo, MI"]
[Date "2000.07.29"]
[Round "2.24"]
[White "Saylor, Oliver"]
[Black "Dudley, Vernon"]
[Result "1-0"]
[WhiteElo "1268"]
[BlackElo "862"]
[PlyCount "47"]
[EventDate "2000.07.29"]

1. e4 e5 2. Nf3 Nc6 3. Bc4 Be7 4. Nc3 d6 5. Nd5 Be6 6. Nxe7 Bxc4 7. Nxg8 Rxg8
8. d3 Ba6 9. Ng5 h6 10. Nf3 g5 11. g3 Qd7 12. a3 Qh3 13. Be3 g4 14. Nh4 Nd4 15.
Bxd4 exd4 16. Qe2 O-O-O 17. Qd2 Rg5 18. Qb4 b6 19. Qxd4 Re5 20. Qe3 Rh5 21. a4
Rxh4 22. gxh4 Qxh4 23. a5 Qf6 24. c3 1-0

[Event "Michigan Amateur"]
[Site "Kalamazoo, MI"]
[Date "2000.07.29"]
[Round "2.26"]
[White "Russell, Scott"]
[Black "Krzyston, Joe"]
[Result "1-0"]
[WhiteElo "1225"]
[BlackElo "830"]
[PlyCount "71"]
[EventDate "2000.07.29"]

1. d4 d5 2. e3 Nf6 3. Bd3 Nc6 4. c3 e5 5. dxe5 Nxe5 6. Be2 Bd7 7. Nd2 Bd6 8.
Ngf3 O-O 9. Nxe5 Bxe5 10. Nf3 Bd6 11. O-O c6 12. Ng5 Qc7 13. f4 Ne4 14. Bd3 f6
15. Nxe4 dxe4 16. Bxe4 f5 17. Bc2 Rad8 18. Rf3 Be8 19. Bb3+ Kh8 20. Qd4 b6 21.
c4 Bh5 22. Rg3 Bg4 23. Ba4 Bb4 24. Qe5 Bd6 25. Qc3 a5 26. a3 Be7 27. h3 Bf6 28.
Qe1 Bh5 29. Rb1 Bh4 30. Rxg7 Bxe1 31. Rxc7 Bd1 32. b4 Bxa4 33. Bb2+ Kg8 34.
Rg7+ Kh8 35. Rg6+ Rf6 36. Bxf6# 1-0

[Event "Michigan Amateur"]
[Site "Kalamazoo, MI"]
[Date "2000.07.29"]
[Round "2.22"]
[White "Robertson, John"]
[Black "Laurin, Edward"]
[Result "1-0"]
[WhiteElo "1480"]
[BlackElo "1278"]
[PlyCount "117"]
[EventDate "2000.07.29"]

1. e4 b6 2. d4 Bb7 3. Bd3 e6 4. Nf3 c5 5. O-O cxd4 6. Nxd4 Bc5 7. Nb3 d6 8.
Nxc5 bxc5 9. Bf4 e5 10. Bb5+ Bc6 11. Bxc6+ Nxc6 12. Be3 Nf6 13. Bg5 h6 14. Bxf6
Qxf6 15. Nc3 O-O 16. Nd5 Qg6 17. Re1 Rab8 18. b3 f5 19. Ne3 Ne7 20. Nd5 Nxd5
21. Qxd5+ Kh8 22. Rad1 fxe4 23. Qxd6 Qxd6 24. Rxd6 Rbd8 25. Red1 Rxd6 26. Rxd6
c4 27. Kf1 cxb3 28. cxb3 e3 29. f3 e4 30. Ke2 exf3+ 31. gxf3 Rc8 32. Kxe3 Rc2
33. Rd2 Rxd2 34. Kxd2 Kh7 35. Kd3 Kg6 36. Ke4 Kg5 37. b4 Kh4 38. a4 Kh3 39. b5
Kxh2 40. a5 Kg2 41. b6 axb6 42. axb6 h5 43. b7 h4 44. b8=Q h3 45. Qb2+ Kh1 46.
Qxg7 h2 47. Qh6 Kg1 48. Qxh2+ Kxh2 49. f4 Kg3 50. f5 Kg4 51. f6 Kg5 52. f7 Kg6
53. f8=Q Kh7 54. Qf5+ Kh6 55. Qg4 Kh7 56. Qg5 Kh8 57. Kf5 Kh7 58. Kf6 Kh8 59.
Qg7# 1-0

[Event "Michigan Amateur"]
[Site "Kalamazoo, MI"]
[Date "2000.07.29"]
[Round "1.30"]
[White "Raban, David"]
[Black "Robertson, John"]
[Result "1-0"]
[WhiteElo "1586"]
[BlackElo "1480"]
[PlyCount "75"]
[EventDate "2000.07.29"]

1. d4 Nf6 2. c4 e6 3. Nf3 d5 4. Nc3 Be7 5. Bg5 O-O 6. e3 h6 7. Bf4 b6 8. cxd5
exd5 9. Bd3 Be6 10. Rc1 c5 11. h3 Nbd7 12. O-O c4 13. Bb1 a6 14. Re1 b5 15. e4
Nb6 16. e5 Nfd7 17. Qc2 g6 18. Bxh6 Re8 19. g4 Nf8 20. Ne2 b4 21. Nf4 Qc8 22.
Nxe6 Nxe6 23. g5 Nf4 24. e6 Nd3 25. exf7+ Kxf7 26. Ne5+ Nxe5 27. dxe5 Qe6 28.
Re3 Rg8 29. b3 c3 30. a3 a5 31. Qe2 Ke8 32. Qb5+ Kd8 33. Rd3 Kc7 34. f4 Kb7 35.
Rcd1 Qc6 36. Rxd5 Qxb5 37. Rxb5 Ka6 38. Bd3 {White won on Time} 1-0

[Event "Michigan Amateur"]
[Site "Kalamazoo, MI"]
[Date "2000.07.29"]
[Round "2.1"]
[White "Post, Robert"]
[Black "Jarosz, Stan"]
[Result "0-1"]
[WhiteElo "1631"]
[BlackElo "1961"]
[PlyCount "78"]
[EventDate "2000.07.29"]

1. d4 d5 2. Nf3 Nf6 3. e3 Bf5 4. c4 e6 5. Qb3 Qc8 6. Nc3 c6 7. cxd5 exd5 8. Be2
Nbd7 9. Bd2 Bd6 10. Rc1 Qb8 11. h3 h6 12. Nh4 Bh7 13. f4 O-O 14. O-O Re8 15.
Qd1 Ne4 16. Nxe4 Bxe4 17. Bf3 Nf6 18. Bxe4 Nxe4 19. Nf5 Nxd2 20. Qxd2 Bf8 21.
Rf3 Re6 22. Qf2 Qd8 23. g4 Qf6 24. Nh4 Rae8 25. Ng2 Re4 26. h4 b6 27. g5 Qe6
28. f5 Qd7 29. gxh6 gxh6 30. Qg3+ Kh7 31. f6 Rg4 32. Qf2 c5 33. dxc5 Bxc5 34.
Qc2+ Kh8 35. Qd2 Reg8 36. Rf2 Rxh4 37. Kf1 Rh1+ 38. Ke2 Qb5+ 39. Kf3 Rh3+ 0-1

[Event "Michigan Amateur"]
[Site "Kalamazoo, MI"]
[Date "2000.07.29"]
[Round "1.6"]
[White "Poniatowski, Don"]
[Black "Evans Sr., Thomas"]
[Result "0-1"]
[WhiteElo "1213"]
[BlackElo "1867"]
[PlyCount "66"]
[EventDate "2000.07.29"]

1. e4 e5 2. Nf3 d6 3. d4 exd4 4. Qxd4 Nc6 5. Bb5 Bd7 6. Bxc6 Bxc6 7. Bg5 f6 8.
Be3 Ne7 9. Nc3 Ng6 10. O-O-O Be7 11. h4 O-O 12. h5 Ne5 13. h6 g6 14. Nxe5 fxe5
15. Qc4+ Kh8 16. Nd5 Bg5 17. Qe2 Bxd5 18. exd5 Bxe3+ 19. Qxe3 Qf6 20. Rdf1 c6
21. c4 cxd5 22. cxd5 Qf5 23. Kd2 Rac8 24. Qd3 Qf4+ 25. Ke2 Qg4+ 26. Kd2 Qb4+
27. Ke3 Qxb2 28. f3 Rc3 29. Rb1 Rxd3+ 30. Kxd3 Qd4+ 31. Ke2 Qxd5 32. Rhc1 e4
33. Rc2 Qd3+ 0-1

[Event "Michigan Amateur"]
[Site "Kalamazoo, MI"]
[Date "2000.07.29"]
[Round "3.18"]
[White "Peisert, Christopher"]
[Black "Shelton, Harold"]
[Result "0-1"]
[WhiteElo "1557"]
[BlackElo "1139"]
[PlyCount "40"]
[EventDate "2000.07.29"]

1. e4 e6 2. d4 d5 3. e5 c5 4. c3 Nd7 5. Nf3 Ne7 6. Bd3 Nc6 7. Bb5 Qb6 8. Ba4
cxd4 9. cxd4 Bb4+ 10. Nc3 a6 11. Bxc6 bxc6 12. Bd2 c5 13. Ne2 cxd4 14. Nexd4
Nxe5 15. Qa4+ Bd7 16. Qxb4 Nd3+ 17. Ke2 Nxb4 18. Be3 Bb5+ 19. Kd2 Nd3 20. Rhf1
Nxb2 0-1

[Event "Michigan Amateur"]
[Site "Kalamazoo, MI"]
[Date "2000.07.29"]
[Round "1.27"]
[White "Peisert, Christopher"]
[Black "Ramakrishnan, Kalyan"]
[Result "1-0"]
[WhiteElo "1557"]
[BlackElo "646"]
[PlyCount "81"]
[EventDate "2000.07.29"]

1. d4 d5 2. e3 Nf6 3. c4 Nc6 4. Nc3 e6 5. Nf3 Bd6 6. cxd5 exd5 7. h3 O-O 8. Be2
Bf5 9. O-O b6 10. Bb5 Bd7 11. Bd3 Nb4 12. a3 Nxd3 13. Qxd3 a6 14. Re1 Bc6 15.
Bd2 Ne4 16. Rac1 Qe7 17. b4 a5 18. Na2 Qd7 19. bxa5 Nxd2 20. Nxd2 Rxa5 21. Nb4
Bb5 22. Qb3 c5 23. Nxd5 Qc6 24. Nc3 c4 25. d5 cxb3 26. dxc6 Rxa3 27. Nxb5 Bb4
28. Red1 Bc5 29. Nxa3 Bxa3 30. Rb1 b2 31. Nc4 Bc5 32. Rxb2 h6 33. Nxb6 Bxb6 34.
Rxb6 Rc8 35. Rc1 Kh7 36. c7 Rxc7 37. Rxc7 g5 38. Rxf7+ Kg8 39. Rbb7 h5 40. Rfc7
Kf8 41. Rb8# 1-0

[Event "Michigan Amateur"]
[Site "Kalamazoo, MI"]
[Date "2000.07.29"]
[Round "2.17"]
[White "Newhouse, Gregory"]
[Black "Blaine, Roger"]
[Result "0-1"]
[WhiteElo "1346"]
[BlackElo "1723"]
[PlyCount "90"]
[EventDate "2000.07.29"]

1. e4 e6 2. d4 d5 3. Nc3 Nf6 4. Bg5 Bb4 5. e5 h6 6. Bh4 g5 7. Bg3 Ne4 8. Nge2
c5 9. a3 Bxc3+ 10. Nxc3 cxd4 11. Qxd4 Nc6 12. Bb5 Nxc3 13. Qxc3 Bd7 14. Bxc6
Bxc6 15. Qc5 Qd7 16. O-O b6 17. Qd6 Qxd6 18. exd6 f6 19. Rfe1 Kd7 20. c4 e5 21.
cxd5 Bxd5 22. Rad1 Kxd6 23. Re3 Rhd8 24. Red3 Ke6 25. f3 Rac8 26. Be1 Rc2 27.
Bc3 g4 28. R3d2 Rxd2 29. Rxd2 gxf3 30. gxf3 Rg8+ 31. Kf2 Rg5 32. f4 Rf5 33. Kg3
Rxf4 34. Rf2 Rxf2 35. Kxf2 f5 36. Kg3 h5 37. Kh4 Bf3 38. Kg5 Bg4 39. Be1 f4 40.
Bf2 Kd5 41. b3 Ke4 42. Kf6 Kf3 43. Kxe5 Kxf2 44. Kxf4 Bd1 45. Kg5 Ke3 0-1

[Event "Michigan Amateur"]
[Site "Kalamazoo, MI"]
[Date "2000.07.29"]
[Round "3.15"]
[White "Moore, Robert"]
[Black "Russell, Scott"]
[Result "1-0"]
[WhiteElo "1627"]
[BlackElo "1225"]
[PlyCount "105"]
[EventDate "2000.07.29"]

1. e4 d5 2. exd5 Nf6 3. Nf3 e6 4. Bb5+ Bd7 5. Bxd7+ Qxd7 6. dxe6 Qxe6+ 7. Qe2
Qxe2+ 8. Kxe2 Bd6 9. Re1 O-O 10. Kf1 Nc6 11. Nc3 Nb4 12. Re2 Nxc2 13. Rb1 Nb4
14. d4 Nh5 15. g3 a6 16. a3 Nc6 17. Be3 Nf6 18. Rc1 Na5 19. Nd2 Ng4 20. Kg2
Nxe3+ 21. fxe3 Rae8 22. Nd5 Nc6 23. Kf3 Re6 24. Nc4 Rfe8 25. Nxd6 cxd6 26. Rcc2
g5 27. Kf2 Na5 28. Nc7 Rf6+ 29. Kg2 Re4 30. b4 Nb3 31. Rf2 Rxf2+ 32. Kxf2 g4
33. Nd5 Kg7 34. Rc7 b5 35. Rc6 Nd2 36. Rxd6 Re6 37. Rxe6 fxe6 38. Nc7 Nc4 39.
Nxe6+ Kf6 40. Nc5 Nxa3 41. Nxa6 Nc2 42. Ke2 Ke6 43. Kd2 Na3 44. Kd3 Kf5 45. e4+
Ke6 46. Nc5+ Kd6 47. e5+ Ke7 48. d5 Nc4 49. d6+ Nxd6 50. exd6+ Kxd6 51. Ke4 Ke7
52. Kf4 Kf7 53. Kxg4 1-0

[Event "Michigan Amateur"]
[Site "Kalamazoo, MI"]
[Date "2000.07.29"]
[Round "1.23"]
[White "Moore, Robert"]
[Black "LaFerriere, Adam"]
[Result "1-0"]
[WhiteElo "1627"]
[BlackElo "851"]
[PlyCount "45"]
[EventDate "2000.07.29"]

1. e4 Nf6 2. e5 Nd5 3. c4 Nb6 4. d4 Nc6 5. Nf3 d6 6. exd6 exd6 7. Be3 Bg4 8.
Nbd2 Qe7 9. Be2 Bxf3 10. Nxf3 d5 11. c5 Nd7 12. O-O b6 13. Bb5 Na5 14. Bg5 f6
15. Re1 Qxe1+ 16. Qxe1+ Be7 17. Bf4 a6 18. Bxd7+ Kxd7 19. Bxc7 Nc6 20. Bxb6
Rhe8 21. Qd2 Rab8 22. Qf4 Rb7 23. Qf5# 1-0

[Event "Michigan Amateur"]
[Site "Kalamazoo, MI"]
[Date "2000.07.29"]
[Round "3.25"]
[White "Moore, Martin"]
[Black "Kilburn, Gregory"]
[Result "1-0"]
[WhiteElo "1436"]
[BlackElo "1082"]
[PlyCount "96"]
[EventDate "2000.07.29"]

1. d4 d5 2. Nf3 e6 3. e3 Nf6 4. Bd3 Bd6 5. O-O O-O 6. b3 Nbd7 7. Bb2 Re8 8. Ne5
Be7 9. Nd2 Nxe5 10. dxe5 Nd7 11. c4 c6 12. Qc2 f5 13. exf6 Nxf6 14. Bxf6 Bxf6
15. Bxh7+ Kf7 16. Bg6+ Ke7 17. Bxe8 Bxa1 18. Bxc6 Bf6 19. Bb5 Qa5 20. Rb1 a6
21. b4 Qc7 22. Ba4 dxc4 23. b5 c3 24. Ne4 Bd7 25. bxa6 bxa6 26. Bxd7 Qxd7 27.
Nxf6 Kxf6 28. Qxc3+ Kf7 29. Rc1 Rd8 30. h3 Qb5 31. Qc4 Rd1+ 32. Kh2 Rd2 33.
Qf4+ Qf5 34. Qc7+ Kf6 35. Qc3+ Qe5+ 36. Qxe5+ Kxe5 37. Rc5+ Kf6 38. Ra5 Rxf2
39. Rxa6 Re2 40. Ra3 g6 41. Kg3 Kf5 42. Kf3 Re1 43. Ra5+ Kf6 44. a4 Rc1 45. Ra8
Rc5 46. a5 Ke7 47. a6 Rc7 48. a7 Kd7 1-0

[Event "Michigan Amateur"]
[Site "Kalamazoo, MI"]
[Date "2000.07.29"]
[Round "3.14"]
[White "Maldonado, Florentino"]
[Black "Post, Robert"]
[Result "1-0"]
[WhiteElo "1245"]
[BlackElo "1631"]
[PlyCount "37"]
[EventDate "2000.07.29"]

1. e4 g6 2. Bc4 Bg7 3. d4 d6 4. Nf3 Nf6 5. Nc3 Nbd7 6. e5 Ng4 7. Bxf7+ Kf8 8.
Ng5 Ndxe5 9. dxe5 Nxe5 10. Ne6+ Bxe6 11. Bxe6 c5 12. Qd5 Qb6 13. f4 Nc6 14. Bf7
Nd4 15. O-O Nxc2 16. Qe6 Bxc3 17. bxc3 Nxa1 18. f5 h5 19. Bxg6 1-0

[Event "Michigan Amateur"]
[Site "Kalamazoo, MI"]
[Date "2000.07.29"]
[Round "1.4"]
[White "Maldonado, Florentino"]
[Black "Brumley, Ron"]
[Result "0-1"]
[WhiteElo "1245"]
[BlackElo "1873"]
[PlyCount "64"]
[EventDate "2000.07.29"]

1. e4 c5 2. Nf3 Nc6 3. d4 cxd4 4. Nxd4 g6 5. Bc4 Nf6 6. Nc3 d6 7. Nf3 Bg7 8.
Ng5 O-O 9. O-O Ne5 10. Bb3 h6 11. Nf3 Bg4 12. Bf4 Nfd7 13. Qe2 g5 14. Bd2 e6
15. Qe3 Bxf3 16. gxf3 Ng6 17. Rfe1 Qf6 18. Kf1 Nde5 19. Ke2 Nf4+ 20. Kf1 Qg6
21. Ne2 Qh5 22. Nxf4 gxf4 23. Qxf4 Nxf3 24. Reb1 Nxh2+ 25. Kg1 Be5 26. Qe3 Kh7
27. f4 Rg8+ 28. Kf2 Ng4+ 29. Ke1 Qh4+ 30. Ke2 Nxe3 31. Bxe3 Rg2+ 32. Kd3 Bxf4
0-1

[Event "Michigan Amateur"]
[Site "Kalamazoo, MI"]
[Date "2000.07.29"]
[Round "1.2"]
[White "Laurin, Edward"]
[Black "Aldrich, Jeff"]
[Result "1/2-1/2"]
[WhiteElo "1278"]
[BlackElo "1944"]
[PlyCount "106"]
[EventDate "2000.07.29"]

1. e4 c6 2. d4 d5 3. exd5 cxd5 4. Bb5+ Nc6 5. Bxc6+ bxc6 6. Nc3 e6 7. Nf3 Ba6
8. Ne5 Rc8 9. Qh5 g6 10. Qf3 Qf6 11. Bg5 Qxf3 12. Nxf3 c5 13. O-O-O Bg7 14.
Rhe1 cxd4 15. Nxd4 Kd7 16. Ndb5 Bxb5 17. Nxb5 Rb8 18. Nd4 Nf6 19. Nf3 Ne4 20.
Rxe4 Bxb2+ 21. Kb1 Bd4+ 22. Kc1 Bb2+ 23. Kb1 Bd4+ 24. Kc1 dxe4 25. Rxd4+ Kc6
26. Rxe4 Rb7 27. Bf4 Rd8 28. Rc4+ Kb5 29. Rc7 Rxc7 30. Bxc7 Rd5 31. Ne5 Ka4 32.
c4 Rd4 33. c5 f6 34. Nf3 Rc4+ 35. Kb2 Rxc5 36. Bd8 f5 37. Ng5 Re5 38. Nxh7 Re2+
39. Kc3 Rxf2 40. Bc7 Rxg2 41. Nf8 Rxa2 42. Nxg6 Ra1 43. Kd4 Kb5 44. Ke5 Kc6 45.
Bb8 Re1+ 46. Kf6 a5 47. Ne5+ Kd5 48. Nd3 Rf1 49. Nf4+ Ke4 50. Nxe6 f4 51. Bc7
Rf2 52. Bxa5 Rxh2 53. Nxf4 Kxf4 1/2-1/2

[Event "Michigan Amateur"]
[Site "Kalamazoo, MI"]
[Date "2000.07.29"]
[Round "2.27"]
[White "LaFerriere, Adam"]
[Black "Poniatowski, Don"]
[Result "1/2-1/2"]
[WhiteElo "851"]
[BlackElo "1213"]
[PlyCount "136"]
[EventDate "2000.07.29"]

1. e4 Nf6 2. e5 Nd5 3. c4 Nb6 4. c5 Nd5 5. d4 d6 6. cxd6 exd6 7. exd6 Bxd6 8.
Bc4 Nb6 9. Qb3 Nxc4 10. Qxc4 O-O 11. Nf3 Re8+ 12. Be3 Bf4 13. Qc3 Bxe3 14. fxe3
Nc6 15. O-O Bf5 16. Nbd2 Bg6 17. Nc4 Qe7 18. Nce5 Be4 19. Nxc6 Bxc6 20. Ne5 Bd5
21. Rac1 f6 22. Ng4 h5 23. Nf2 Qxe3 24. Qxe3 Rxe3 25. Rxc7 Rae8 26. Nd1 Re1 27.
Nc3 Rxf1+ 28. Kxf1 Rd8 29. Nxd5 Rxd5 30. Rxb7 Rxd4 31. Rxa7 Rd2 32. b4 Rb2 33.
a3 Kh7 34. Ra5 g5 35. b5 Kg7 36. a4 Kf7 37. Ra6 Ke7 38. b6 Kd6 39. a5 Kd7 40.
b7 Kc7 41. Rxf6 Kxb7 42. Rf5 Rb1+ 43. Kf2 Rb2+ 44. Kg3 h4+ 45. Kh3 g4+ 46. Kxg4
Rxg2+ 47. Kh3 Ra2 48. Rf4 Rxa5 49. Rxh4 Kc8 50. Rf4 Kd8 51. Kg4 Ra1 52. h4 Rg1+
53. Kf5 Ke8 54. Ke6 Re1+ 55. Kf6 Kf8 56. Kg6+ Kg8 57. Kh6 Re6+ 58. Kg5 Re8 59.
h5 Kh8 60. h6 Rg8+ 61. Kh5 Re8 62. Rf5 Rg8 63. Rf7 Ra8 64. h7 Rb8 65. Kg6 Ra8
66. Rb7 Rc8 67. Kf6 Ra8 68. Ke6 Rc8 1/2-1/2

[Event "Michigan Amateur"]
[Site "Kalamazoo, MI"]
[Date "2000.07.29"]
[Round "2.8"]
[White "Kizer, Gerald"]
[Black "Armstead, Curt"]
[Result "0-1"]
[WhiteElo "1461"]
[BlackElo "1847"]
[PlyCount "128"]
[EventDate "2000.07.29"]

1. e4 d5 2. exd5 Nf6 3. Nc3 Nxd5 4. Nxd5 Qxd5 5. Nf3 e5 6. d3 Nc6 7. Be2 Bf5 8.
O-O O-O-O 9. Be3 Be7 10. a3 Rhe8 11. Re1 h6 12. Qc1 g5 13. Nd2 Nd4 14. Bxd4
exd4 15. Bf3 Qd7 16. Nc4 f6 17. Na5 c6 18. b4 g4 19. Be4 Bxe4 20. Rxe4 f5 21.
Re2 Bg5 22. Qe1 Rxe2 23. Qxe2 Re8 24. Qf1 Qe6 25. Nb3 Qe5 26. Rd1 h5 27. Nd2 b5
28. Kh1 h4 29. f3 Bf4 30. fxg4 fxg4 31. Ne4 Be3 32. Qf6 Kc7 33. Rf1 g3 34.
Qxe5+ Rxe5 35. Rf7+ Kd8 36. Rf3 gxh2 37. Kxh2 Bc1 38. Rf7 Re7 39. Rf8+ Kc7 40.
Nc5 Bxa3 41. Ra8 Kd6 42. Rd8+ Ke5 43. Nb3 Bxb4 44. Nxd4 Rc7 45. Nf3+ Ke6 46.
Rd4 Bd6+ 47. Kh3 a5 48. Rxh4 Rg7 49. g4 c5 50. d4 a4 51. dxc5 Bxc5 52. Rh5 Rc7
53. Rh6+ Kd5 54. Rh5+ Kc4 55. Ne5+ Kc3 56. Nd3 Kxc2 57. Nxc5 a3 58. Ne6 Rc3+
59. Kh4 a2 60. Nd4+ Kd3 61. Nxb5 Rc1 62. Nd6 a1=Q 63. Rf5 Rh1+ 64. Kg5 Qg7+ 0-1

[Event "Michigan Amateur"]
[Site "Kalamazoo, MI"]
[Date "2000.07.29"]
[Round "2.7"]
[White "Jendras, Gerard"]
[Black "Aldrich, Justin"]
[Result "1-0"]
[WhiteElo "1848"]
[BlackElo "1574"]
[PlyCount "71"]
[EventDate "2000.07.29"]

1. e4 e5 2. Nf3 Nc6 3. Bb5 d6 4. d4 exd4 5. Qxd4 Bd7 6. Bxc6 Bxc6 7. Bg5 f6 8.
Be3 Ne7 9. Nc3 Ng6 10. O-O-O Be7 11. h4 Ne5 12. h5 Nxf3 13. gxf3 h6 14. Rhg1
Bf8 15. Ne2 Qe7 16. Nf4 Qe5 17. Qc4 Rh7 18. Qg8 O-O-O 19. Qxh7 Qa5 20. Qg8 f5
21. Ng6 fxe4 22. Nxf8 d5 23. Kb1 d4 24. Rxd4 Rxd4 25. Ne6+ Kd7 26. Nxd4 Bd5 27.
Rxg7+ Kd6 28. Qd8+ Kc5 29. Nb3+ Kc6 30. Nxa5+ Kb5 31. Qxd5+ Ka6 32. b4 c6 33.
Rxb7 cxd5 34. a4 d4 35. Bxd4 exf3 36. Rxa7# 1-0

[Event "Michigan Amateur"]
[Site "Kalamazoo, MI"]
[Date "2000.07.29"]
[Round "3.1"]
[White "Jarosz, Stan"]
[Black "Semerciyan, Mike"]
[Result "1/2-1/2"]
[WhiteElo "1961"]
[BlackElo "1800"]
[PlyCount "96"]
[EventDate "2000.07.29"]

1. d4 d5 2. Nf3 Nf6 3. Bf4 c5 4. e3 Qb6 5. Qc1 cxd4 6. exd4 Nc6 7. c3 Bf5 8.
Nbd2 h6 9. Ne5 e6 10. Nxc6 bxc6 11. b4 a5 12. a3 Be7 13. Nb3 axb4 14. axb4 Rxa1
15. Qxa1 O-O 16. Nc5 Rd8 17. Be2 Bd6 18. Bxd6 Rxd6 19. O-O Rd8 20. Qa3 Qb8 21.
Qa6 Qc7 22. Qa5 Qe7 23. Ra1 Ne4 24. Nxe4 Bxe4 25. Qb6 Qd6 26. f3 Bg6 27. b5
cxb5 28. Qxd6 Rxd6 29. Ra8+ Kh7 30. Bxb5 Rb6 31. Be8 Rb7 32. Rc8 Re7 33. Kf2
Bd3 34. g4 g5 35. Kg3 f5 36. f4 Bc4 37. Rd8 Kg7 38. Rd7 Rxd7 39. Bxd7 Kf6 40.
h4 gxh4+ 41. Kxh4 fxg4 42. Kxg4 Be2+ 43. Kg3 h5 44. Ba4 Bd3 45. Bd1 Bg6 46. Be2
Kf5 47. Bd3+ Kf6 48. Be2 Bf5 1/2-1/2

[Event "Michigan Amateur"]
[Site "Kalamazoo, MI"]
[Date "2000.07.29"]
[Round "1.1"]
[White "Jarosz, Stan"]
[Black "Cahill, David"]
[Result "1-0"]
[WhiteElo "1961"]
[BlackElo "1305"]
[PlyCount "33"]
[EventDate "2000.07.29"]

1. d4 Nf6 2. Nf3 g6 3. Bf4 Bg7 4. e3 d6 5. h3 O-O 6. Be2 Nbd7 7. O-O Re8 8. Bh2
e5 9. c3 exd4 10. cxd4 Ne4 11. Nc3 Ndf6 12. Nxe4 Nxe4 13. Rc1 b6 14. b4 c5 15.
Bb5 Rf8 16. Bc6 Rb8 17. dxc5 1-0